Inside foreign policy (Record no. 47026)

MARC details
000 -LEADER
fixed length control field 00904nam a2200241 a 4500
008 - FIXED-LENGTH DATA ELEMENTS--GENERAL INFORMATION
fixed length control field 120416s1975 ||||||||||||||||| || u
020 ## - INTERNATIONAL STANDARD BOOK NUMBER
International Standard Book Number 0874843111
050 ## - LIBRARY OF CONGRESS CALL NUMBER
Classification number KJ 184 Eas
100 ## - MAIN ENTRY--PERSONAL NAME
Personal name Esterline, John H
245 10 - TITLE STATEMENT
Title Inside foreign policy
246 ## - VARYING FORM OF TITLE
Title proper/short title the Department of political system and its subsystems
250 ## - EDITION STATEMENT
Edition statement 1st ed.
260 ## - PUBLICATION, DISTRIBUTION, ETC.
Place of publication, distribution, etc. Palo Alto, Calif
Name of publisher, distributor, etc. Mayfield Publishing Company
Date of publication, distribution, etc. 1975
300 ## - PHYSICAL DESCRIPTION
Extent xii, 271p. : ill.
350 ## - PRICE (NR) (BK AM CF MU VM SE) [OBSOLETE]
Price 0.00
500 ## - GENERAL NOTE
General note Includes bibliographical references and index.
650 ## - SUBJECT ADDED ENTRY--TOPICAL TERM
Topical term or geographic name entry element UNITED STATES. DEPT. OF STAGE
650 ## - SUBJECT ADDED ENTRY--TOPICAL TERM
Topical term or geographic name entry element LAW
650 ## - SUBJECT ADDED ENTRY--TOPICAL TERM
Topical term or geographic name entry element UNITED STATES--FOREIGN RELATIONS--1945-1989
650 ## - SUBJECT ADDED ENTRY--TOPICAL TERM
Topical term or geographic name entry element UNITED STATES--FOREIGN RELATIONS ADMINISTRATION
700 ## - ADDED ENTRY--PERSONAL NAME
Personal name Black, Robert B., 1920-
995 ## - RECOMMENDATION 995 [LOCAL, UNIMARC FRANCE]
-- 0.00
-- CBU-MAIN LIBRARY (Kitwe)
-- 1
-- 9.20
-- 1
-- AVAILABLE
-- Annex Low-Usage Collection
Holdings
Withdrawn status Lost status Source of classification or shelving scheme Damaged status Not for loan Home library Current library Shelving location Date acquired Total Checkouts Full call number Barcode Date last seen Price effective from Koha item type
          CBU-MAIN LIBRARY, KITWE. CBU-MAIN LIBRARY, KITWE.   11/30/2022   KJ 184 Eas 008211 11/30/2022 11/30/2022 MONOGRAPH